Sčítanie obyvateľov, domov a bytov 2001 trvale obývané byty podľa obdobia výstavby domu, veľkosti, polohy a technického vybavenia bytu za SR, kraje a okresy (Prešovský kraj, Košický kraj)

Uložené v:
Podrobná bibliografia
Médium: Kniha
Jazyk:Slovak
Vydavateľské údaje: Bratislava Štatistický úrad Slovenskej republiky 2003
Predmet:
Tagy: Pridať tag
Žiadne tagy, Buďte prvý, kto otaguje tento záznam!

MARC

LEADER 00000nam$a2200000$$$4500
001 0033503
005 20251104074628.6
041 0 |a slo 
044 |a SK 
245 1 0 |a Sčítanie obyvateľov, domov a bytov 2001  |b trvale obývané byty podľa obdobia výstavby domu, veľkosti, polohy a technického vybavenia bytu za SR, kraje a okresy (Prešovský kraj, Košický kraj) 
264 1 |a Bratislava  |b Štatistický úrad Slovenskej republiky  |c 2003 
300 |a 360 s. 
610 2 0 |a Slovensko 
610 2 0 |a sčítanie ľudu 
610 2 0 |a byty